| 000 | 00531nam a22001697a 4500 | ||
|---|---|---|---|
| 005 | 20241217135808.0 | ||
| 008 | 241217b |||||||| |||| 00| 0 eng d | ||
| 020 | _a9780340802458 | ||
| 050 |
_aQP36 _b.S28 |
||
| 100 | _aBaker, Margaret | ||
| 245 |
_aAQA Biology Specification A/ _bFurther Studies in Human Biology _cMargaret Baker, Bill Indge & Martin Rowland |
||
| 260 |
_aLondon _bHodder & Stoughton _c2001 |
||
| 300 |
_a288p. _bill. some color _c27.5cm |
||
| 700 | _aIndge, Bill | ||
| 700 | _aRowland, Martin | ||
| 942 |
_2lcc _cBK _n0 |
||
| 999 |
_c2412 _d2412 |
||